000 00589nam a2200241 a 4500
001 BS0001319
003 BR-BrBNA
005 20230418191713.0
008 230308b |||||||| |||| 00| 0 por d
040 _aBR-BrBNA
_bpor
_cBiblioteca Nacional de Agricultura
041 _apor
072 _aB32
090 _aB32 BS0001319
100 1 _aCheetham, G.
245 1 _aPrateleiras /
260 3 _aHong Kong, China:
_bkönemann,
_c2000.
300 _a64 p.
650 _aARTESANATO
650 _aGUIA
650 _aCONSTRUÇÃO
909 _a202304
_bSergio Santos
_c56
_dSergio Santos
942 _cBK
999 _c6376
_d6376